|
|
|
|
| LEADER |
01779cam a2200385 a 4500 |
| 001 |
c000267917 |
| 003 |
CARM |
| 005 |
20070821170247.0 |
| 008 |
960216s1995 nyu b 000 0 eng d |
| 010 |
|
|
|a 96186707
|
| 019 |
1 |
|
|a 12545994
|5 LACONCORD2021
|
| 020 |
|
|
|a 0791817601
|
| 035 |
|
|
|a (OCoLC)34204239
|5 LACONCORD2021
|
| 040 |
|
|
|a WaU
|b eng
|c WaU
|d DLC
|d LC
|
| 042 |
|
|
|a lccopycat
|
| 043 |
|
|
|a n-us---
|
| 050 |
0 |
0 |
|a TA401
|b .A672 1995
|
| 082 |
0 |
0 |
|a 620.1/1/06073
|2 21
|
| 110 |
2 |
|
|a American Society of Mechanical Engineers.
|b Materials Division.
|
| 245 |
1 |
0 |
|a Seventy-five years of the ASME Materials Division /
|c sponsored by the Materials Division, ASME ; edited by V.K. Stokes.
|
| 246 |
1 |
4 |
|a 75 years of the ASME Materials Division
|
| 260 |
|
|
|a New York, N.Y. :
|b American Society of Mechanical Engineers,
|c c1995.
|
| 300 |
|
|
|a v, 71 p. ;
|c 26 cm.
|
| 490 |
1 |
|
|a MD ;
|v vol. 70
|
| 504 |
|
|
|a Includes bibliographical references (p. 12-24)
|
| 505 |
0 |
|
|a A history of the Materials Division / Vijay K. Stokes -- A century of giants, a history of the Materials Division of the American Society of Mechanical Engineers / J. George H. Thompson.
|
| 610 |
2 |
0 |
|a American Society of Mechanical Engineers.
|b Materials Division
|x History.
|
| 700 |
1 |
|
|a Stokes, Vijay Kumar,
|d 1939-
|
| 700 |
1 |
|
|a Stokes, Vijay Kumar,
|d 1939-.
|t A history of the Materials Division.
|
| 700 |
1 |
|
|a Thompson, J. George H.
|t A century of giants.
|
| 710 |
2 |
|
|a American Society of Mechanical Engineers.
|b Materials Division
|
| 830 |
|
0 |
|a MD (Series) ;
|v v. 70.
|
| 852 |
8 |
|
|b CARM
|h A1:AN08E0
|i C09666
|p 0385299
|f BK
|
| 999 |
f |
f |
|i e7925073-ff90-5572-bde7-8c5116462476
|s ba7b0bb7-a50c-5b15-b05a-b38e2992c029
|
| 952 |
f |
f |
|p Can circulate
|a CAVAL
|b CAVAL
|c CAVAL
|d CARM 1 Store
|e C09666
|f A1:AN08E0
|h Other scheme
|i book
|m 0385299
|